Posol božského srdca Pána Ježiša časopis braterstva najsvätejšieho Srdca Ježišovho
| Format: | Journal |
|---|---|
| Language: | Slovak |
| PhysicalDescription: | 52 zv. 21-43 cm |
| Published: |
V Trnave
[vydavateľ nie je známy]
1897-1948
V Trnave Kňazi Spoločnosti Ježišovej |
| ISSN: | 1337-1649 |
| Subjects: | |
| Online Access: | http://digicontent.snk.sk/content/journals/Posol_Bozskeho_srdca_Jezisovho/ http://digicontent.snk.sk/content/journals/Posol_Bozskeho_Srdca_Pana_%20Jezisa/ |
MARC
| LEADER | 00000cas a2200000 a 4500 | ||
|---|---|---|---|
| 001 | vtls010301966 | ||
| 003 | SK-MaSNL | ||
| 005 | 20260228162801.0 | ||
| 008 | 200401d18971948xo mr p r 0 b0slo | ||
| 022 | |a 1337-1649 | ||
| 040 | |a SNK |b slo |c SNK |e AACR2 | ||
| 041 | 0 | |a slo | |
| 043 | |a e-xo--- | ||
| 044 | |a xo |c SK | ||
| 072 | 7 | |a 2 |x Náboženstvo |2 konspekt | |
| 072 | 7 | |a 27-5 |x Kresťanské umenie a symbolika. Duchovný život |2 konspekt | |
| 080 | |a 27-4 |2 2011 | ||
| 080 | |a 27-722.7 |2 2011 | ||
| 080 | |a 050 |2 2011 | ||
| 080 | |a 21/29-1/-9 |2 2011 | ||
| 210 | 0 | |a Posol Bož. srdca pána Ježiša | |
| 222 | 0 | |a Posol božského srdca Pána Ježiša | |
| 245 | 0 | 0 | |a Posol božského srdca Pána Ježiša |b časopis braterstva najsvätejšieho Srdca Ježišovho |
| 246 | 1 | 3 | |a Posol božského srdca Ježišového |f 1898-1905 |
| 246 | 1 | 3 | |a Posol božského srdca Ježišovho |f 1906-1948 |
| 260 | |a V Trnave |b [vydavateľ nie je známy] |c 1897-1948 | ||
| 260 | 3 | |3 1919-1948 |a V Trnave |b Kňazi Spoločnosti Ježišovej | |
| 300 | |a 52 zv. |c 21-43 cm | ||
| 310 | |a 1x mesačne |b 1922-1948 | ||
| 321 | |a 2x mesačne |b 1920-1921 | ||
| 321 | |a 1x mesačne |b 1897-1919 | ||
| 362 | 0 | |a Roč. I, č. 1 (jún, 1897)-roč. LII, č. 12 (1948) | |
| 500 | |a Redaktori sa menia | ||
| 500 | |a Tlač Žigmund Winter v Trnave ; 1/1918, Lev, Kníhtlač. a nakl. spolok, úč. spol., v Ružomberku ; 1/1919, Leo, kníhtlač. a nakl. spolok, úč. spol. v Ružomberku ; 12/1919, Filiálka Leo, kníhtlač. a nakl. sp. úč. spol., Trnava ; 9/1923, Spolok Sv. Vojtecha, Trnava ; 1/1935-12/1942, Kníhtlačiareň Urbánek a spol., Trnava ; 1/1943, „Andrej“, fil. v Žiline ; 1/1945, Kníhtlačiareň Bežo a spol. v Trnave | ||
| 500 | |a Zmena podnázvu: 1898, mesačník pre rozširovanie úcty božského Srdca ; 1/1908-1/1909, mesačný časopis pre ctiteľov b. Srdca Ježišovho ; 1/1920-1923, časopis pre ctiteľov Božského Srdca Ježišovho ; 1/1924-12/1935, časopis pre ctiteľov Božského Srdca Ježišovho a zasvätené rodiny – časopis ctiteľov Božského Srdca Ježišovho a zasvätených rodín ; 1/1936-12/1948, časopis pre ctiteľov Božského Srdca Ježišovho, Apoštolát modlitby a zasvätené rodiny | ||
| 500 | |a R. 1920 rozmer zväzku 43 cm | ||
| 515 | |a Roč. 49 vyšiel v 2 kumulovaných číslach - č. 1-3 vyšlo pred oslobodením, č. 4-12 v dec. 1945 | ||
| 610 | 2 | 7 | |a Katolícka cirkev |2 SNKKA |9 206702 |
| 650 | 0 | 7 | |a náboženstvo |2 SNKPH |9 2023 |
| 650 | 0 | 7 | |a cirkevný život |2 SNKPH |9 75120 |
| 650 | 0 | 7 | |a katolíci |2 SNKPH |9 4025 |
| 655 | 7 | |a náboženské časopisy |2 SNKPH |9 70790 | |
| 752 | |a Slovensko |d Trnava | ||
| 770 | 0 | |t Katolícke misie |x 1337-5059 |w vtls010301423 | |
| 856 | 4 | 1 | |u http://digicontent.snk.sk/content/journals/Posol_Bozskeho_srdca_Jezisovho/ |
| 856 | 4 | 1 | |u http://digicontent.snk.sk/content/journals/Posol_Bozskeho_Srdca_Pana_%20Jezisa/ |
| 910 | |a snk | ||
| 916 | |a 1897-1948 | ||
| 958 | |a OND | ||
| 999 | |c 8339 |d 10269 | ||
| 952 | |0 0 |1 0 |4 0 |7 0 |a SNK |b SNK |d 2000-01-27 |f 1 |i snk535/30 |l 0 |o snkČSD 19/23/1919 |p 17A0225458 |r 2005-01-02 00:00:00 |t č. 1-12 |w 2026-02-21 |y PREZ | ||
| 952 | |0 0 |1 0 |4 0 |7 0 |a SNK |b SNK |d 2000-01-27 |f 1 |i snk 4479/28 |l 0 |o snkČSD 19/25/1921 |p 17A0225459 |r 2005-01-02 00:00:00 |t č. 1-24 |w 2026-02-21 |y PREZ |z Číslo 23-24 je jubilárne číslo | ||
| 952 | |0 0 |1 0 |4 0 |7 0 |8 5 |a SNK |b SNK |d 2000-01-27 |f 1 |i snkF 2096/80 |l 0 |o snkČSD 19/26/1922 |p 17A0225460 |r 2005-01-02 00:00:00 |t č. 1-12 |w 2026-02-21 |y PREZ | ||
| 952 | |0 0 |1 0 |4 0 |7 0 |8 5 |a SNK |b SNK |d 2000-01-27 |f 1 |i snkF 2113/80 |l 0 |o snkČSD 19/24/1920 |p 17A0225447 |r 2005-01-02 00:00:00 |t č. 1-24 |w 2026-02-21 |y PREZ | ||
| 952 | |0 0 |1 0 |4 0 |7 0 |8 5 |a SNK |b SNK |d 2000-01-14 |i snkF 2100/80 |l 0 |o snkČSD 19/43/1939 D1 |p 17A0223980 |r 2005-01-02 00:00:00 |t č. 1-12 |w 2026-02-21 |y PREZ | ||
| 952 | |0 0 |1 0 |4 0 |7 0 |a SNK |b SNK |d 2000-01-14 |f 1 |i snk12/41 |l 0 |o snkČSD 19/44/1940 |p 17A0223662 |r 2005-01-02 00:00:00 |t č. 1-12 |w 2026-02-21 |y PREZ | ||
| 952 | |0 0 |1 0 |4 0 |7 0 |8 5 |a SNK |b SNK |d 2000-10-30 |i snkF 2101/80 |l 0 |o snkČSD 19/44/1940 D1 |p 17A0255513 |r 2005-01-02 00:00:00 |t č. 1-12 |w 2026-02-21 |y PREZ | ||
| 952 | |0 0 |1 0 |4 0 |7 0 |a SNK |b SNK |d 2000-01-14 |f 1 |i snk2/41 |l 0 |o snkČSD 19/45/1941 |p 17A0223975 |r 2005-01-02 00:00:00 |t č. 1-12 |w 2026-02-21 |y PREZ | ||
| 952 | |0 0 |1 0 |4 0 |7 0 |8 5 |a SNK |b SNK |d 2000-10-30 |i snkF 2102/80 |l 0 |o snkČSD 19/45/1941 D1 |p 17A0255678 |r 2005-01-02 00:00:00 |t č. 1-12 |w 2026-02-21 |y PREZ | ||
| 952 | |0 0 |1 0 |4 0 |7 0 |a SNK |b SNK |d 2000-01-14 |f 1 |i snk73/43 |l 0 |o snkČSD 19/46/1942 |p 17A0223661 |r 2005-01-02 00:00:00 |t č. 1-12 |w 2026-02-21 |y PREZ | ||
| 952 | |0 0 |1 0 |4 0 |7 0 |a SNK |b SNK |d 2000-01-14 |f 1 |i snk2803/44 |l 0 |o snkČSD 19/48/1944 |p 17A0223971 |r 2005-01-02 00:00:00 |t č. 1-12 |w 2026-02-21 |y PREZ | ||
| 952 | |0 0 |1 0 |4 0 |7 0 |8 5 |a SNK |b SNK |d 2000-10-30 |i snkXI. 2071/55 |l 0 |o snkČSD 19/48/1944 D1 |p 17A0255559 |r 2005-01-02 00:00:00 |t č. 1-12 |w 2026-02-21 |y PREZ | ||
| 952 | |0 0 |1 0 |4 0 |7 0 |a SNK |b SNK |d 2000-08-16 |l 0 |o snkČSD 19/2/1898 D1 |p 17A0248809 |r 2005-01-02 00:00:00 |t č. 1-12, neúplné |w 2026-02-21 |y PREZ |z Chýba č. 2-10 | ||
| 952 | |0 0 |1 0 |4 0 |7 0 |a SNK |b SNK |d 2000-08-16 |l 0 |o snkČSD 19/4/1900 D1 |p 17A0248810 |r 2005-01-02 00:00:00 |t č. 1-12 |w 2026-02-21 |y PREZ | ||
| 952 | |0 0 |1 0 |4 0 |7 0 |8 5 |a SNK |b SNK |d 2000-08-16 |i snkF 1651/70 |l 0 |o snkČSD 19/5/1901 D2 |p 17A0248801 |r 2005-01-02 00:00:00 |t č. 1-12 |w 2026-02-21 |y PREZ | ||
| 952 | |0 0 |1 0 |4 0 |7 0 |8 5 |a SNK |b SNK |d 2001-10-11 |i snkF 2095/80 |l 0 |o snkČSD 19/1/1897 D1 |p 17A0317997 |r 2005-01-02 00:00:00 |t č. 1-7 |w 2026-02-21 |y PREZ | ||
| 952 | |0 0 |1 0 |4 0 |7 0 |a SNK |b SNK |d 2001-10-11 |l 0 |o snkČSD 19/3/1899 D1 |p 17A0317804 |r 2005-01-02 00:00:00 |t č. 1-12 |w 2026-02-21 |y PREZ | ||
| 952 | |0 0 |1 0 |3 náhrada |4 0 |7 0 |8 5 |a SNK |b SNK |d 2010-07-30 |i snkF 1580/70 |l 0 |o snkČSD 19/15/1911 D1 |p 17A0655303 |r 2026-02-21 19:54:06 |t č. 1-12 |w 2026-02-21 |y PREZ | ||
| 952 | |0 0 |1 0 |4 0 |7 0 |8 5 |a SNK |b SNK |d 2001-10-11 |i snkF 134/68 |l 0 |o snkČSD 19/40/1936 D1 |p 17A0317829 |r 2005-01-02 00:00:00 |t č. 1-12 |w 2026-02-21 |y PREZ | ||
| 952 | |0 0 |1 0 |4 0 |7 0 |a SNK |b SNK |d 2000-08-18 |f 1 |i snk 2153/27 |l 0 |o snkČSD 19/1/1897 |p 17A0248435 |r 2005-01-02 00:00:00 |t č. 1-7 |w 2026-02-21 |y PREZ |z Zviazané spolu s roč. II (1898) | ||
| 952 | |0 0 |1 0 |4 0 |7 0 |a SNK |b SNK |d 1999-04-14 |f 1 |i snk2075/33 |l 0 |o snkČSD 19/36/1932 |p 17A0188752 |r 2005-01-02 00:00:00 |t č. 1-12 |w 2026-02-21 |y PREZ | ||
| 952 | |0 0 |1 0 |4 0 |7 0 |a SNK |b SNK |d 2000-01-14 |f 1 |i snk 2023/43 |l 0 |o snkČSD 19/47/1943 |p 17A0223974 |r 2005-01-02 00:00:00 |t č. 1-12 |w 2026-02-21 |y PREZ | ||
| 952 | |0 0 |1 0 |4 0 |7 0 |8 5 |a SNK |b SNK |d 2017-04-25 |i snkF 3029/82 |l 0 |o snkČSD 19/26/1922 D1 |p 17A1206593 |r 2026-02-21 20:13:23 |t č. 1-12, neúplné |w 2026-02-21 |y PREZ |z Chýba č. 1, 2, 4, 5, 7-11 | ||
| 952 | |0 0 |1 0 |4 0 |7 0 |8 5 |a SNK |b SNK |d 2017-04-25 |i snkF 137/68 |l 0 |o snkČSD 19/20/1916 D2 |p 17A1206595 |r 2026-02-21 20:13:30 |t č. 1-12, neúplné |w 2026-02-21 |y PREZ |z Chýba č. 6, 12 | ||
| 952 | |0 0 |1 0 |4 0 |7 0 |8 5 |a SNK |b SNK |d 2017-04-25 |i snkF 2060/68 |l 0 |o snkČSD 19/9/1905 D1 |p 17A1206592 |r 2026-02-21 20:13:32 |t č. 1-12 |w 2026-02-21 |y PREZ | ||
| 952 | |0 0 |1 0 |4 0 |7 0 |a SNK |b SNK |d 2015-04-14 |f 1 |i snk2161/27 |l 0 |o snkČSD 19/10/1906 |p 17A0728891 |r 2026-02-21 20:13:53 |t č. 1-12 |w 2026-02-21 |y PREZ | ||
| 952 | |0 0 |1 0 |4 0 |7 0 |a SNK |b SNK |d 2015-04-14 |f 1 |i snk2184/27 |l 0 |o snkČSD 19/3/1899 |p 17A0728888 |r 2026-02-21 20:13:54 |t č. 1-12 |w 2026-02-21 |y PREZ | ||
| 952 | |0 0 |1 0 |4 0 |7 0 |a SNK |b SNK |d 1999-04-13 |f 1 |i snk2533/35 |l 0 |o snkČSD 19/38/1934 |p 17A0188942 |r 2005-01-02 00:00:00 |t č. 1-12 |w 2026-02-21 |y PREZ | ||
| 952 | |0 0 |1 0 |4 0 |7 0 |8 5 |a SNK |b SNK |d 2001-10-11 |i snkF 1583/70 |l 0 |o snkČSD 19/18/1914 D1 |p 17A0317599 |r 2005-01-02 00:00:00 |t č. 1-12 |w 2026-02-21 |y PREZ | ||
| 952 | |0 0 |1 0 |4 0 |7 0 |a SNK |b SNK |d 1999-04-14 |f 1 |i snk2164/27 |l 0 |o snkČSD 19/13/1909 |p 17A0186685 |r 2005-01-02 00:00:00 |t č. 1-12 |w 2026-02-21 |y PREZ | ||
| 952 | |0 0 |1 0 |4 0 |7 0 |8 5 |a SNK |b SNK |d 2004-09-02 |i snkF 139/68 |l 0 |o snkČSD 19/17/1913 D2 |p 17A0440901 |r 2005-01-02 00:00:00 |t č. 1-12 |w 2026-02-21 |y PREZ | ||
| 952 | |0 0 |1 0 |4 0 |7 0 |8 5 |a SNK |b SNK |d 2017-04-26 |i snkF 2097/80 |l 0 |o snkČSD 19/37/1933 D1 |p 17A1206587 |r 2026-02-21 20:27:06 |t č. 1-12 + príl. |w 2026-02-21 |y PREZ |z Príl. : Katolícke misie č. 1-10 | ||
| 952 | |0 0 |1 0 |4 0 |7 0 |a SNK |b SNK |d 2000-10-30 |f 1 |i snk179/41 |l 0 |o snkČSD 19/43/1939 |p 17A0255560 |r 2005-01-02 00:00:00 |t č. 1-12 |w 2026-02-21 |y PREZ | ||
| 952 | |0 0 |1 0 |4 0 |7 0 |a SNK |b SNK |d 2001-10-11 |l 0 |o snkČSD 19/42/1938 D1 |p 17A0317891 |r 2005-01-02 00:00:00 |t č. 1-12 |w 2026-02-21 |y PREZ | ||
| 952 | |0 0 |1 0 |4 0 |7 0 |a SNK |b SNK |d 2000-10-30 |f 1 |l 0 |o snkČSD 19/49/1945 |p 17A0255558 |r 2005-01-02 00:00:00 |t č. 1-12 |w 2026-02-21 |y PREZ | ||
| 952 | |0 0 |1 0 |4 0 |7 0 |8 5 |a SNK |b SNK |d 2001-10-11 |i snkF 3269/68 |l 0 |o snkČSD 19/51/1947 D1 |p 17A0317503 |r 2005-01-02 00:00:00 |t č. 1-12 |w 2026-02-21 |y PREZ | ||
| 952 | |0 0 |1 0 |4 0 |7 0 |a SNK |b SNK |d 2001-10-11 |f 1 |l 0 |o snkČSD 19/52/1948 |p 17A0317317 |r 2005-01-02 00:00:00 |t č. 1-12 |w 2026-02-21 |y PREZ | ||
| 952 | |0 0 |1 0 |4 0 |7 0 |8 5 |a SNK |b SNK |d 2017-04-25 |i snkF 1628/80 |l 0 |o snkČSD 19/16/1912 D2 |p 17A1206597 |r 2026-02-21 20:53:13 |t č. 1-12, neúplné |w 2026-02-21 |y PREZ |z Chýba č. 3, 8, 11, 12 | ||
| 952 | |0 0 |1 0 |4 0 |7 0 |8 5 |a SNK |b SNK |d 1998-04-24 |i snkF 136/68 |l 0 |o snkČSD 19/29/1925 D1 |p 17A0136566 |r 2005-01-02 00:00:00 |t č. 1-12 |w 2026-02-21 |y PREZ | ||
| 952 | |0 0 |1 0 |4 0 |7 0 |8 5 |a SNK |b SNK |d 2001-05-02 |i snkF 1209/68 |l 0 |o snkČSD 19/46/1942 D1 |p 17A0299167 |r 2005-01-02 00:00:00 |t č. 1-12 |w 2026-02-21 |y PREZ | ||
| 952 | |0 0 |1 0 |4 0 |7 0 |8 5 |a SNK |b SNK |d 2013-08-13 |i snkF 138/68 |l 0 |o snkČSD 19/18/1914 D2 |p 17A1021756 |r 2026-02-21 21:02:40 |t č. 1-12, neúplné |w 2026-02-21 |y PREZ |z Chýba č. 6, 8 | ||
| 952 | |0 0 |1 0 |4 0 |7 0 |a SNK |b SNK |d 1999-04-14 |f 1 |i snk 974/30 |l 0 |o snkČSD 19/33/1929 |p 17A0186031 |r 2005-01-02 00:00:00 |t č. 1-12 |w 2026-02-21 |y PREZ | ||
| 952 | |0 0 |1 0 |4 0 |7 0 |8 5 |a SNK |b SNK |d 2017-04-25 |i snkF 1630/80 |l 0 |o snkČSD 19/21/1917 D2 |p 17A1206594 |r 2026-02-21 21:05:03 |t č. 1-12, neúplné |w 2026-02-21 |y PREZ |z Chýba č. 10-12 | ||
| 952 | |0 0 |1 0 |4 0 |7 0 |8 5 |a SNK |b SNK |d 1998-07-01 |i snkF 128/68 |l 0 |o snkČSD 19/31/1927 D1 |p 17A0145865 |r 2005-01-02 00:00:00 |t č. 1-12 |w 2026-02-21 |y PREZ | ||
| 952 | |0 0 |1 0 |4 0 |7 0 |8 5 |a SNK |b SNK |d 1998-07-01 |i snkF 126/68 |l 0 |o snkČSD 19/28/1924 D1 |p 17A0145815 |r 2005-01-02 00:00:00 |t č. 1-12 |w 2026-02-21 |y PREZ | ||
| 952 | |0 0 |1 0 |4 0 |7 0 |8 5 |a SNK |b SNK |d 1998-07-01 |i snkF 127/68 |l 0 |o snkČSD 19/30/1926 D1 |p 17A0145393 |r 2005-01-02 00:00:00 |t č. 1-12 |w 2026-02-21 |y PREZ | ||
| 952 | |0 0 |1 0 |4 0 |7 0 |8 5 |a SNK |b SNK |d 1998-08-10 |i snkF 145/68 |l 0 |o snkČSD 19/25/1921 D1 |p 17A0154125 |r 2005-01-02 00:00:00 |t č. 1-24, neúplné |w 2026-02-21 |y PREZ |z Chýba č. 4 | ||
| 952 | |0 0 |1 0 |4 0 |7 0 |a SNK |b SNK |d 2001-10-11 |f 1 |i snk106/47 |l 0 |o snkČSD 19/50/1946 |p 17A0317916 |r 2005-01-02 00:00:00 |t č. 1-12 |w 2026-02-21 |y PREZ | ||
| 952 | |0 0 |1 0 |4 0 |7 0 |8 5 |a SNK |b SNK |d 2001-10-11 |i snkF 1585/70 |l 0 |o snkČSD 19/20/1916 D1 |p 17A0317900 |r 2005-01-02 00:00:00 |t č. 1-12 |w 2026-02-21 |y PREZ | ||
| 952 | |0 0 |1 0 |4 0 |7 0 |8 5 |a SNK |b SNK |d 2001-10-11 |i snkF 1586/70 |l 0 |o snkČSD 19/21/1917 D1 |p 17A0317909 |r 2005-01-02 00:00:00 |t č. 1-12 |w 2026-02-21 |y PREZ | ||
| 952 | |0 0 |1 0 |4 0 |7 0 |a SNK |b SNK |d 2001-10-11 |l 0 |o snkČSD 19/22/1918 D1 |p 17A0317903 |r 2005-01-02 00:00:00 |t č. 1-12 |w 2026-02-21 |y PREZ | ||
| 952 | |0 0 |1 0 |4 0 |7 0 |a SNK |b SNK |d 2015-04-14 |f 1 |i snk2155/27 |l 0 |o snkČSD 19/4/1900 |p 17A0728889 |r 2026-02-21 21:25:46 |t č. 1-12 |w 2026-02-21 |y PREZ | ||
| 952 | |0 0 |1 0 |4 0 |7 0 |a SNK |b SNK |d 2015-04-14 |f 1 |i snk2156/27 |l 0 |o snkČSD 19/5/1901 |p 17A0728890 |r 2026-02-21 21:25:46 |t č. 1-12 |w 2026-02-21 |y PREZ | ||
| 952 | |0 0 |1 0 |4 0 |7 0 |a SNK |b SNK |d 2015-04-14 |f 1 |i snk 2166/27 |l 0 |o snkČSD 19/15/1911 |p 17A0317912 |r 2026-02-21 21:25:54 |t č. 1-12 |w 2026-02-21 |y PREZ | ||
| 952 | |0 0 |1 0 |4 0 |7 0 |a SNK |b SNK |d 2015-04-14 |f 1 |i snk 484/30 |l 0 |o snkČSD 19/16/1912 |p 17A0728892 |r 2026-02-21 21:25:54 |t č. 1-12 |w 2026-02-21 |y PREZ | ||
| 952 | |0 0 |1 0 |4 0 |7 0 |a SNK |b SNK |d 2015-04-14 |f 1 |i snk 524/30 |l 0 |o snkČSD 19/17/1913 |p 17A0728893 |r 2026-02-21 21:25:54 |t č. 1-12 |w 2026-02-21 |y PREZ |z Chýba str. 41-48 v č. 1 | ||
| 952 | |0 0 |1 0 |4 0 |7 0 |a SNK |b SNK |d 2015-04-14 |f 1 |i snk523/30 |l 0 |o snkČSD 19/18/1914 |p 17A0728894 |r 2026-02-21 21:25:54 |t č. 1-12 |w 2026-02-21 |y PREZ | ||
| 952 | |0 0 |1 0 |4 0 |7 0 |a SNK |b SNK |d 2015-04-14 |f 1 |i snk521/30 |l 0 |o snkČSD 19/19/1915 |p 17A0728895 |r 2026-02-21 21:25:54 |t č. 1-12 |w 2026-02-21 |y PREZ | ||
| 952 | |0 0 |1 0 |4 0 |7 0 |a SNK |b SNK |d 2015-04-14 |f 1 |i snk3610/31 |l 0 |o snkČSD 19/20/1916 |p 17A0728896 |r 2026-02-21 21:25:54 |t č. 1-12 |w 2026-02-21 |y PREZ | ||
| 952 | |0 0 |1 0 |4 0 |7 0 |a SNK |b SNK |d 2015-04-14 |f 1 |i snk525/30 |l 0 |o snkČSD 19/21/1917 |p 17A0728897 |r 2026-02-21 21:25:54 |t č. 1-12 |w 2026-02-21 |y PREZ | ||
| 952 | |0 0 |1 0 |4 0 |7 0 |a SNK |b SNK |d 2015-04-14 |f 1 |i snk534/30 |l 0 |o snkČSD 19/22/1918 |p 17A0728898 |r 2026-02-21 21:25:54 |t č. 1-12 |w 2026-02-21 |y PREZ | ||
| 952 | |0 0 |1 0 |4 0 |7 0 |a SNK |b SNK |d 2015-04-14 |f 1 |i snk411/38 |l 0 |o snkČSD 19/41/1937 |p 17A0728899 |r 2026-02-21 21:25:54 |t č. 1-12 |w 2026-02-21 |y PREZ | ||
| 952 | |0 0 |1 0 |4 0 |7 0 |a SNK |b SNK |d 2015-04-14 |f 1 |l 0 |o snkČSD 19/42/1938 |p 17A0728900 |r 2026-02-21 21:25:54 |t č. 1-12 |w 2026-02-21 |y PREZ | ||
| 952 | |0 0 |1 0 |4 0 |7 0 |a SNK |b SNK |d 2015-04-14 |f 1 |i snk145/48 |l 0 |o snkČSD 19/51/1947 |p 17A0728901 |r 2026-02-21 21:25:54 |t č. 1-12 |w 2026-02-21 |y PREZ |z V č. 9 s. 274-275 a 278-279 sú prázdne | ||
| 952 | |0 0 |1 0 |4 0 |7 0 |a SNK |b SNK |d 1999-02-10 |f 1 |i snk 4480/29 |l 0 |o snkČSD 19/29/1925 |p 17A0180542 |r 2005-01-02 00:00:00 |t č. 1-12 |w 2026-02-21 |y PREZ | ||
| 952 | |0 0 |1 0 |4 0 |7 0 |a SNK |b SNK |d 1999-02-10 |f 1 |i snk 4481/28 |l 0 |o snkČSD 19/28/1924 |p 17A0180543 |r 2005-01-02 00:00:00 |t č. 1-12 |w 2026-02-21 |y PREZ | ||
| 952 | |0 0 |1 0 |4 0 |7 0 |8 5 |a SNK |b SNK |d 1999-02-10 |i snkF 2098/80 |l 0 |o snkČSD 19/38/1934 D1 |p 17A0180541 |r 2005-01-02 00:00:00 |t č. 1-12 |w 2026-02-21 |y PREZ | ||
| 952 | |0 0 |1 0 |4 0 |7 0 |8 5 |a SNK |b SNK |d 2001-10-11 |i snkF 140/68 |l 0 |o snkČSD 19/39/1935 D1 |p 17A0317894 |r 2005-01-02 00:00:00 |t č. 1-12 |w 2026-02-21 |y PREZ | ||
| 952 | |0 0 |1 0 |4 0 |7 0 |8 5 |a SNK |b SNK |d 2001-10-11 |i snkF 135/68 |l 0 |o snkČSD 19/41/1937 D1 |p 17A0317865 |r 2005-01-02 00:00:00 |t č. 1-12 |w 2026-02-21 |y PREZ | ||
| 952 | |0 0 |1 0 |3 Nezviazané, 12 čísiel |4 0 |7 0 |8 5 |a SNK |b SNK |d 1999-02-10 |f 1 |i snkF 125/68 |l 0 |o snkČSD 19/27/1923 |p 17A0180532 |r 2005-01-02 00:00:00 |t č. 1-12 |w 2026-02-21 |y PREZ | ||
| 952 | |0 0 |1 0 |4 0 |7 0 |a SNK |b SNK |d 1999-02-10 |l 0 |o snkČSD 19/6/1902 D1 |p 17A0180317 |r 2005-01-02 00:00:00 |t č. 1-12 |w 2026-02-21 |y PREZ | ||
| 952 | |0 0 |1 0 |4 0 |7 0 |8 5 |a SNK |b SNK |d 2001-10-11 |i snkF 133/68 |l 0 |o snkČSD 19/36/1932 D1 |p 17A0317914 |r 2005-01-02 00:00:00 |t č. 1-12 |w 2026-02-21 |y PREZ | ||
| 952 | |0 0 |1 0 |4 0 |7 0 |a SNK |b SNK |d 1999-04-14 |f 1 |i snk1388/36 |l 0 |o snkČSD 19/37/1933 |p 17A0186300 |r 2005-01-02 00:00:00 |t č. 1-12 |w 2026-02-21 |y PREZ | ||
| 952 | |0 0 |1 0 |4 0 |7 0 |8 5 |a SNK |b SNK |d 2001-10-11 |i snkF 141/68 |l 0 |o snkČSD 19/37/1933 D2 |p 17A0317915 |r 2005-01-02 00:00:00 |t č. 1-12 |w 2026-02-21 |y PREZ | ||
| 952 | |0 0 |1 0 |4 0 |7 0 |a SNK |b SNK |d 1999-04-14 |f 1 |i snk409/38 |l 0 |o snkČSD 19/39/1935 |p 17A0186146 |r 2005-01-02 00:00:00 |t č. 1-12 |w 2026-02-21 |y PREZ | ||
| 952 | |0 0 |1 0 |4 0 |7 0 |a SNK |b SNK |d 1999-04-14 |f 1 |i snk410/38 |l 0 |o snkČSD 19/40/1936 |p 17A0186354 |r 2005-01-02 00:00:00 |t č. 1-12 |w 2026-02-21 |y PREZ | ||
| 952 | |0 0 |1 0 |4 0 |7 0 |a SNK |b SNK |d 1999-04-14 |f 1 |i snk2162/27 |l 0 |o snkČSD 19/11/1907 |p 17A0188097 |r 2005-01-02 00:00:00 |t č. 1-12 |w 2026-02-21 |y PREZ | ||
| 952 | |0 0 |1 0 |4 0 |7 0 |8 5 |a SNK |b SNK |d 2001-10-11 |i snkF 1655/70 |l 0 |o snkČSD 19/11/1907 D2 |p 17A0317572 |r 2005-01-02 00:00:00 |t č. 1-12 |w 2026-02-21 |y PREZ | ||
| 952 | |0 0 |1 0 |4 0 |7 0 |a SNK |b SNK |d 1999-04-14 |f 1 |i snk2163/27 |l 0 |o snkČSD 19/12/1908 |p 17A0186683 |r 2005-01-02 00:00:00 |t č. 1-12 |w 2026-02-21 |y PREZ | ||
| 952 | |0 0 |1 0 |4 0 |7 0 |8 5 |a SNK |b SNK |d 2000-07-21 |i snkF 1656/70 |l 0 |o snkČSD 19/12/1908 D1 |p 17A0245717 |r 2005-01-02 00:00:00 |t č. 1-12 |w 2026-02-21 |y PREZ | ||
| 952 | |0 0 |1 0 |4 0 |7 0 |8 5 |a SNK |b SNK |d 2001-10-11 |i snkF 1657/70 |l 0 |o snkČSD 19/13/1909 D1 |p 17A0317907 |r 2005-01-02 00:00:00 |t č. 1-12 |w 2026-02-21 |y PREZ | ||
| 952 | |0 0 |1 0 |4 0 |7 0 |a SNK |b SNK |d 1999-04-14 |f 1 |i snk 4482/28 |l 0 |o snkČSD 19/30/1926 |p 17A0188216 |r 2005-01-02 00:00:00 |t č. 1-12 |w 2026-02-21 |y PREZ | ||
| 952 | |0 0 |1 0 |4 0 |7 0 |a SNK |b SNK |d 1999-04-14 |f 1 |i snk2165/27 |l 0 |o snkČSD 19/14/1910 |p 17A0188068 |r 2005-01-02 00:00:00 |t č. 1-12 |w 2026-02-21 |y PREZ | ||
| 952 | |0 0 |1 0 |4 0 |7 0 |8 5 |a SNK |b SNK |d 2001-10-11 |i snkF 1581/70 |l 0 |o snkČSD 19/16/1912 D1 |p 17A0317803 |r 2005-01-02 00:00:00 |t č. 1-12 |w 2026-02-21 |y PREZ | ||
| 952 | |0 0 |1 0 |4 0 |7 0 |8 5 |a SNK |b SNK |d 2001-10-11 |i snkF 1582/70 |l 0 |o snkČSD 19/17/1913 D1 |p 17A0317594 |r 2005-01-02 00:00:00 |t č. 1-12 |w 2026-02-21 |y PREZ | ||
| 952 | |0 0 |1 0 |4 0 |7 0 |8 5 |a SNK |b SNK |d 2001-10-11 |i snkF 1584/70 |l 0 |o snkČSD 19/19/1915 D2 |p 17A0317598 |r 2005-01-02 00:00:00 |t č. 1-12 |w 2026-02-21 |y PREZ | ||
| 952 | |0 0 |1 0 |4 0 |7 0 |8 5 |a SNK |b SNK |d 2001-10-11 |i snkF 1579/70 |l 0 |o snkČSD 19/14/1910 D1 |p 17A0317910 |r 2005-01-02 00:00:00 |t č. 1-12 |w 2026-02-21 |y PREZ | ||
| 952 | |0 0 |1 0 |4 0 |7 0 |a SNK |b SNK |d 1999-04-14 |f 1 |i snk2157/27 |l 0 |o snkČSD 19/6/1902 |p 17A0186099 |r 2005-01-02 00:00:00 |t č. 1-12 |w 2026-02-21 |y PREZ | ||
| 952 | |0 0 |1 0 |4 0 |7 0 |a SNK |b SNK |d 2001-10-11 |l 0 |o snkČSD 19/5/1901 D1 |p 17A0317573 |r 2005-01-02 00:00:00 |t č. 1-12 |w 2026-02-21 |y PREZ | ||
| 952 | |0 0 |1 0 |4 0 |7 0 |8 5 |a SNK |b SNK |d 2001-10-11 |i snkF 1652/70 |l 0 |o snkČSD 19/6/1902 D2 |p 17A0317171 |r 2005-01-02 00:00:00 |t č. 1-12 |w 2026-02-21 |y PREZ | ||
| 952 | |0 0 |1 0 |4 0 |7 0 |a SNK |b SNK |d 1999-04-14 |f 1 |i snk 239/29 |l 0 |o snkČSD 19/31/1927 |p 17A0182618 |r 2005-01-02 00:00:00 |t č. 1-12 |w 2026-02-21 |y PREZ | ||
| 952 | |0 0 |1 0 |4 0 |7 0 |8 5 |a SNK |b SNK |d 1999-04-14 |i snkF 1654/70 |l 0 |o snkČSD 19/10/1906 D2 |p 17A0186109 |r 2005-01-02 00:00:00 |t č. 1-12 |w 2026-02-21 |y PREZ | ||
| 952 | |0 0 |1 0 |4 0 |7 0 |8 5 |a SNK |b SNK |d 2001-10-11 |i snkF 2058/68 |l 0 |o snkČSD 19/10/1906 D1 |p 17A0317892 |r 2005-01-02 00:00:00 |t č. 1-12 |w 2026-02-21 |y PREZ | ||
| 952 | |0 0 |1 0 |4 0 |7 0 |a SNK |b SNK |d 1999-04-14 |f 1 |i snk2160/27 |l 0 |o snkČSD 19/9/1905 |p 17A0186597 |r 2005-01-02 00:00:00 |t č. 1-12 |w 2026-02-21 |y PREZ | ||
| 952 | |0 0 |1 0 |4 0 |7 0 |8 5 |a SNK |b SNK |d 2001-10-11 |i snkF 1659/70 |l 0 |o snkČSD 19/9/1905 D2 |p 17A0317887 |r 2005-01-02 00:00:00 |t č. 1-12 |w 2026-02-21 |y PREZ |z Chýba str. 65-66 | ||
| 952 | |0 0 |1 0 |4 0 |7 0 |a SNK |b SNK |d 1999-04-14 |f 1 |i snk 240/29 |l 0 |o snkČSD 19/32/1928 |p 17A0188220 |r 2005-01-02 00:00:00 |t č. 1-12 + príl. |w 2026-02-21 |y PREZ |z Príl. : Katolícke misie č. 1-10 (chýba č. 1) | ||
| 952 | |0 0 |1 0 |4 0 |7 0 |8 5 |a SNK |b SNK |d 2001-10-11 |i snkF 130/68 |l 0 |o snkČSD 19/32/1928 D1 |p 17A0317400 |r 2005-01-02 00:00:00 |t č. 1-12 |w 2026-02-21 |y PREZ | ||
| 952 | |0 0 |1 0 |4 0 |7 0 |a SNK |b SNK |d 1999-04-14 |f 1 |i snk2159/27 |l 0 |o snkČSD 19/8/1904 |p 17A0188075 |r 2005-01-02 00:00:00 |t č. 1-12 |w 2026-02-21 |y PREZ | ||
| 952 | |0 0 |1 0 |4 0 |7 0 |8 5 |a SNK |b SNK |d 2000-08-16 |i snkF 1653/70 |l 0 |o snkČSD 19/8/1904 D2 |p 17A0248808 |r 2005-01-02 00:00:00 |t č. 1-12 |w 2026-02-21 |y PREZ | ||
| 952 | |0 0 |1 0 |4 0 |7 0 |a SNK |b SNK |d 2003-12-05 |l 0 |o snkČSD 19/8/1904 D1 |p 17A0407820 |r 2005-01-02 00:00:00 |t č. 1-12 |w 2026-02-21 |y PREZ | ||
| 952 | |0 0 |1 0 |4 0 |7 0 |8 5 |a SNK |b SNK |d 2001-10-11 |i snkF 131/68 |l 0 |o snkČSD 19/33/1929 D1 |p 17A0317896 |r 2005-01-02 00:00:00 |t č. 1-12 |w 2026-02-21 |y PREZ | ||
| 952 | |0 0 |1 0 |4 0 |7 0 |a SNK |b SNK |d 1999-04-14 |f 1 |i snk2158/27 |l 0 |o snkČSD 19/7/1903 |p 17A0188072 |r 2005-01-02 00:00:00 |t č. 1-12 |w 2026-02-21 |y PREZ | ||
| 952 | |0 0 |1 0 |4 0 |7 0 |a SNK |b SNK |d 1999-04-14 |f 1 |i snk435/31 |l 0 |o snkČSD 19/34/1930 |p 17A0186032 |r 2005-01-02 00:00:00 |w 2026-02-21 |y PREZ | ||
| 952 | |0 0 |1 0 |4 0 |7 0 |a SNK |b SNK |d 2001-10-11 |l 0 |o snkČSD 19/34/1930 D1 |p 17A0317296 |r 2005-01-02 00:00:00 |t č. 1-12 |w 2026-02-21 |y PREZ | ||
| 952 | |0 0 |1 0 |4 0 |7 0 |a SNK |b SNK |d 1999-04-14 |f 1 |i snk2037/32 |l 0 |o snkČSD 19/35/1931 |p 17A0188062 |r 2005-01-02 00:00:00 |t č. 1-12 |w 2026-02-21 |y PREZ | ||
| 952 | |0 0 |1 0 |4 0 |7 0 |a SNK |b SNK |d 2001-10-11 |i snkF 129/68 |l 0 |o snkČSD 19/35/1931 D1 |p 17A0317913 |r 2005-01-02 00:00:00 |t č. 1-12 + príl. |w 2026-02-21 |y PREZ |z Príl. : Katolícke misie č. 8 za č. 10 | ||
| 952 | |0 0 |1 0 |4 0 |7 0 |8 5 |a SNK |b SNK |d 2001-10-11 |i snkF 1658/70 |l 0 |o snkČSD 19/7/1903 D1 |p 17A0317595 |r 2005-01-02 00:00:00 |t č. 1-12 |w 2026-02-21 |y PREZ | ||
| 952 | |0 0 |1 0 |4 0 |7 0 |8 5 |a SNK |b SNK |d 2017-04-25 |i snkF 1629/80 |l 0 |o snkČSD 19/19/1915 D1 |p 17A1206596 |r 2026-02-21 21:46:44 |t č. 1-12 |w 2026-02-21 |y PREZ | ||
| 952 | |0 0 |1 0 |4 0 |7 0 |8 5 |a SNK |b SNK |d 2017-09-05 |i snk2017/19195 |l 0 |o snkČSD 19/27/1923 D1 |p 17A1263888 |r 2026-02-21 21:49:04 |t č. 1-12, neúplné |w 2026-02-21 |y PREZ |z Chýba č. 1-2, 4, 6, 9 | ||
| 952 | |0 0 |1 0 |4 0 |7 0 |a SNK |b SNK |d 2017-09-05 |f 1 |i snk 2153/27 |l 0 |o snkČSD 19/2/1898 |p 17A1264178 |r 2026-02-21 21:49:04 |t č. 1-12 |w 2026-02-21 |y PREZ |z Zviazané spolu s roč. I (1897) | ||
| 952 | |0 0 |1 0 |4 0 |7 0 |8 5 |a SNK |b SNK |d 2017-04-26 |l 0 |o snkČSD 19/11/1907 D1 |p 17A1206591 |r 2026-02-21 22:10:52 |t č. 1-12 |w 2026-02-21 |y PREZ | ||
| 952 | |0 0 |1 0 |4 0 |7 0 |8 3 |a SNK |b SNK |d 2017-04-26 |i snkK 2070/86 |l 0 |o snkČSD 19/12/1908 D2 |p 17A1206590 |r 2026-02-21 22:10:52 |t č. 1-12, neúplné |w 2026-02-21 |y PREZ |z Chýba č. 1-6, 8-12 | ||
| 952 | |0 0 |1 0 |4 0 |7 0 |8 3 |a SNK |b SNK |d 2017-04-26 |i snkK 626/94 |l 0 |o snkČSD 19/13/1909 D2 |p 17A1206589 |r 2026-02-21 22:10:52 |t č. 1-12 |w 2026-02-21 |y PREZ | ||
| 952 | |0 0 |1 0 |4 0 |7 0 |8 5 |a SNK |b SNK |d 2017-04-26 |i snkF 1627/80 |l 0 |o snkČSD 19/15/1911 D2 |p 17A1206588 |r 2026-02-21 22:10:52 |t č. 1-12, neúplné |w 2026-02-21 |y PREZ |z Chýba č. 2-9 | ||
| 952 | |0 0 |1 0 |4 0 |7 0 |8 5 |a SNK |b SNK |d 2017-04-26 |i snkXI. 2042/55 |l 0 |o snkČSD 19/50/1946 D1 |p 17A1206586 |r 2026-02-21 22:10:52 |t č. 1-12 + príl. |w 2026-02-21 |y PREZ |z Príl. : Katolícke misie | ||


